اے پی جے عبد الکلا م :سير ت و بصير ت کے آ ءينے ميں (Record no. 166804)

MARC details
000 -LEADER
fixed length control field 00712nam a22001937a 4500
005 - DATE AND TIME OF LATEST TRANSACTION
control field 20190808160716.0
010 ## - LCCN (DPL NO)
LC control number UR-10359
020 ## - INTERNATIONAL STANDARD BOOK NUMBER
Terms of availability 300.00
International Standard Book Number 9788194020905
035 ## - SYSTEM CONTROL NUMBER
System control number U-8914
037 ## - SOURCE OF ACQUISITION
Source of stock number/acquisition DBAD/PUB
082 ## - DEWEY DECIMAL CLASSIFICATION NUMBER
Classification number 920
100 ## - MAIN ENTRY--PERSONAL NAME
Personal name کو ثر علی سعيد ی
245 ## - TITLE STATEMENT
Title اے پی جے عبد الکلا م :سير ت و بصير ت کے آ ءينے ميں
Statement of responsibility, etc کو ثر علی سعيد ی
246 ## - VARYING FORM OF TITLE
Remainder of title A.P.J.Abdul Kalam:Seerat o Basirat ke AAine Mein (Urdu)
Title proper/short title by Kauser Ali Sayeedi
260 ## - PUBLICATION, DISTRIBUTION, ETC. (IMPRINT)
Place of publication, distribution, etc Kolkata
Name of publisher, distributor, etc Usmania Book Depot
Date of publication, distribution, etc 2019 ء
270 ## - ADDRESS
Address 11,Colootola Lane
City Kolkata
Postal code 700073
Telephone number 9433050634/635
Fax number -
300 ## - PHYSICAL DESCRIPTION
Extent 173ص
Dimensions 22 Cm(Hb)
942 ## - ADDED ENTRY ELEMENTS (KOHA)
Source of classification or shelving scheme Dewey Decimal Classification
Item type Urdu Bks
Classification part 921
Call number suffix ک و ث
Holdings
Withdrawn status Lost status Not for loan Collection code Home library Current library Date acquired Source of acquisition Cost, normal purchase price Full call number Barcode Copy number Cost, replacement price Koha item type
    Not For Loan Non-fiction D.B.Act.Division D.B.Act.Division 08/08/2019 DBAD/PUB 300.00 921 ک و ث U-8914 1 300.00 Urdu Bks

© Delhi Public Library
Hit Counter
free hit counter